000 00465nam a22001457a 4500
005 20170213082505.0
008 170213b xxu||||| |||| 00| 0 eng d
050 _aPQ2611.A9I6 1906
100 _aFavre de Coulevain, Helene
_928782
245 _aL'ile inconnue
_cby Favre de Coulevain, Helene and Coulevain, Pierre de
260 _aParis
_bCalmann-Levy
_c1906
300 _aviii, 592p.;
_c18cm.
700 _aCoulevain, Pierre de
_928783
942 _2lcc
_cMONOGRAPH
999 _c126100
_d126100